Joulurauhan julistus suomeksi - Statistics

Yleistilastot
  • Tätä visaa on pelattu 122 kertaa
  • Keskiarvotulos 31 / 68
Vastaustilastot
Vastaus % Oikein
on
92%
on
92%
Jumala
85%
suo,
83%
jos
82%
rikkoo
79%
Huomenna,
76%
ja
76%
ja
76%
ja
76%
ja
76%
ja
76%
ja
76%
joka
74%
se,
69%
meidän
68%
Vapahtajamme
68%
armorikas
65%
syntymäjuhla;
65%
Herramme
61%
joulurauha
58%
tätä
57%
rauhan
49%
tämän
49%
häiritsee,
47%
täten
44%
joulujuhlaa
42%
joulujuhlaa.
42%
laki
40%
jollakin
39%
sopimattomalla
39%
julistetaan
38%
kaikille
38%
käytöksellä
36%
Lopuksi
36%
rangaistukseen,
36%
sillä
36%
asukkaille
35%
kaupungin
35%
siihen
35%
jonka
33%
toivotetaan
33%
viettämään
33%
asetukset
32%
kustakin
32%
rikkomuksesta
32%
juhlaa
31%
yleinen
31%
riemullista
29%
syypää
29%
erikseen
28%
hartaudella
28%
rikoksesta
28%
vallitessa
28%
kaikkia
26%
säätävät.
26%
siis
26%
asianhaarain
25%
raskauttavien
25%
taikka
25%
asiaankuuluvalla
24%
sekä
24%
laittomalla
21%
rauhallisesti
21%
muutoin
19%
käyttäytymään,
18%
hiljaisesti
13%
kehoittamalla
8%
Ehtoja vastaavia visoja ei löytynyt
Tulosjakauma
Jokaisen tuloksen saaneiden osuus
Persentiili vastausten määrän mukaan
Tuloshistoriasi
Et ole pelannut tätä visaa